[Event "Villarobledo Online Qualifyer"]
[Site "playchess.com #155672"]
[Date "2009.05.23"]
[Round "1"]
[White "Z_Grandic"]
[Black "Lupi_linares"]
[Result "1-0"]
[WhiteElo "2561"]
[BlackElo "1734"]
[PlyCount "59"]
[EventDate "2009.05.23"]
[EventType "swiss (blitz)"]

1. e4 {[%emt 0:00:01]} c5 {[%emt 0:00:58]} 2. Nf3 {[%emt 0:00:02]} d6 {[%emt 0:
00:01]} 3. c3 {[%emt 0:00:01]} Nf6 {[%emt 0:00:02]} 4. e5 {[%emt 0:00:01]} dxe5
{[%emt 0:00:01]} 5. Nxe5 {[%emt 0:00:00]} e6 {[%emt 0:00:02]} 6. Nf3 {[%emt 0:
00:00]} Be7 {[%emt 0:00:01]} 7. d4 {[%emt 0:00:01]} O-O {[%emt 0:00:03]} 8. Be2
{[%emt 0:00:01]} b6 {[%emt 0:00:03]} 9. Be3 {[%emt 0:00:05]} Nbd7 {[%emt 0:00:
03]} 10. O-O {[%emt 0:00:05]} Bb7 {[%emt 0:00:01]} 11. Nbd2 {[%emt 0:00:14]}
Nd5 {[%emt 0:00:05]} 12. Nc4 {[%emt 0:00:13]} Nxe3 {[%emt 0:00:15]} 13. fxe3 {
[%emt 0:00:01]} Qc7 {[%emt 0:00:27]} 14. Nce5 {[%emt 0:00:30]} Nxe5 {[%emt 0:
00:04]} 15. Nxe5 {[%emt 0:00:00]} f6 {[%emt 0:00:02]} 16. Nd3 {[%emt 0:00:10]}
c4 {[%emt 0:00:11]} 17. Nf4 {[%emt 0:00:12]} Qd7 {[%emt 0:00:18]} 18. Bxc4 {
[%emt 0:00:05]} Bd5 {[%emt 0:00:06]} 19. Nxd5 {[%emt 0:00:07]} exd5 {[%emt 0:
00:04]} 20. Bb3 {[%emt 0:00:00]} Rad8 {[%emt 0:00:16]} 21. e4 {[%emt 0:00:05]}
Kh8 {[%emt 0:00:10]} 22. exd5 {[%emt 0:00:19]} Bd6 {[%emt 0:00:01]} 23. Qf3 {
[%emt 0:00:03]} Rde8 {[%emt 0:00:04]} 24. Rae1 {[%emt 0:00:02]} Rxe1 {[%emt 0:
00:05]} 25. Rxe1 {[%emt 0:00:00]} Re8 {[%emt 0:00:00]} 26. Re6 {[%emt 0:00:01]}
Re7 {[%emt 0:00:07]} 27. Qf5 {[%emt 0:00:14]} a5 {[%emt 0:00:08]} 28. Bc2 {
[%emt 0:00:46] .} g6 {[%emt 0:00:18]} 29. Qxf6+ {[%emt 0:00:01]} Rg7 {[%emt 0:
00:01]} 30. Rxd6 {[%emt 0:00:05] Tiempo} 1-0

[Event "Villarobledo Online Qualifyer"]
[Site "playchess.com #155672"]
[Date "2009.05.23"]
[Round "1"]
[White "Bussi50"]
[Black "HappyTriggerFool"]
[Result "0-1"]
[WhiteElo "1687"]
[BlackElo "2480"]
[PlyCount "90"]
[EventDate "2009.05.23"]
[EventType "swiss (blitz)"]

1. d4 {[%emt 0:00:01]} d6 {[%emt 0:00:01]} 2. Bf4 {[%emt 0:00:02]} g6 {[%emt 0:
00:01]} 3. Nf3 {[%emt 0:00:01]} Bg7 {[%emt 0:00:01]} 4. e3 {[%emt 0:00:01]} Nf6
{[%emt 0:00:01]} 5. Bc4 {[%emt 0:00:01]} O-O {[%emt 0:00:01]} 6. c3 {[%emt 0:
00:01]} a6 {[%emt 0:00:03]} 7. a4 {[%emt 0:00:02]} b6 {[%emt 0:00:01]} 8. Nbd2
{[%emt 0:00:02]} Bb7 {[%emt 0:00:01]} 9. O-O {[%emt 0:00:02]} Nbd7 {[%emt 0:00:
01]} 10. h3 {[%emt 0:00:01]} Ne4 {[%emt 0:00:08]} 11. Nxe4 {[%emt 0:00:03]}
Bxe4 {[%emt 0:00:01]} 12. Nd2 {[%emt 0:00:01]} Bb7 {[%emt 0:00:01]} 13. Be2 {
[%emt 0:00:06]} e5 {[%emt 0:00:01]} 14. Bh2 {[%emt 0:00:04]} f5 {[%emt 0:00:03]
} 15. Bf3 {[%emt 0:00:09]} e4 {[%emt 0:00:01]} 16. Be2 {[%emt 0:00:01]} h6 {
[%emt 0:00:01]} 17. f3 {[%emt 0:00:03]} d5 {[%emt 0:00:10]} 18. c4 {[%emt 0:00:
05]} Nf6 {[%emt 0:00:08]} 19. Be5 {[%emt 0:00:08]} c6 {[%emt 0:00:10]} 20. Rc1
{[%emt 0:00:12]} Rf7 {[%emt 0:00:14]} 21. Qe1 {[%emt 0:00:02]} Kh7 {[%emt 0:00:
08]} 22. Qg3 {[%emt 0:00:18]} Nh5 {[%emt 0:00:10]} 23. Qh2 {[%emt 0:00:03]} Qg5
{[%emt 0:00:10]} 24. f4 {[%emt 0:00:17]} Qh4 {[%emt 0:00:11]} 25. Bxh5 {[%emt
0:00:16]} Qxh5 {[%emt 0:00:01]} 26. Bxg7 {[%emt 0:00:06]} Kxg7 {[%emt 0:00:05]}
27. Rf2 {[%emt 0:00:07]} Qh4 {[%emt 0:00:04]} 28. g3 {[%emt 0:00:04]} Qf6 {
[%emt 0:00:02]} 29. Rcf1 {[%emt 0:00:08]} Rd8 {[%emt 0:00:02]} 30. g4 {[%emt 0:
00:04]} c5 {[%emt 0:00:02]} 31. dxc5 {[%emt 0:00:25]} d4 {[%emt 0:00:08]} 32.
Qg3 {[%emt 0:00:25]} bxc5 {[%emt 0:00:02]} 33. Nb3 {[%emt 0:00:12]} Qb6 {[%emt
0:00:01]} 34. exd4 {[%emt 0:00:05]} cxd4 {[%emt 0:00:03]} 35. c5 {[%emt 0:00:
09]} Qb4 {[%emt 0:00:04]} 36. Rg2 {[%emt 0:00:04]} fxg4 {[%emt 0:00:22]} 37.
Qxg4 {[%emt 0:00:08]} Rf6 {[%emt 0:00:02]} 38. Nd2 {[%emt 0:00:10]} Qxc5 {
[%emt 0:00:03]} 39. Nxe4 {[%emt 0:00:02]} Bxe4 {[%emt 0:00:02]} 40. Rd2 {[%emt
0:00:04]} d3+ {[%emt 0:00:04]} 41. Kh2 {[%emt 0:00:05]} Qe3 {[%emt 0:00:05]}
42. Rfd1 {[%emt 0:00:02]} Bf5 {[%emt 0:00:03]} 43. Qg2 {[%emt 0:00:02]} Qxf4+ {
[%emt 0:00:02]} 44. Kg1 {[%emt 0:00:03]} Be4 {[%emt 0:00:06] '} 45. Qf2 {[%emt
0:00:01]} Qg5+ {[%emt 0:00:03] Bussi50 gibt auf} 0-1

[Event "Villarobledo Online Qualifyer"]
[Site "playchess.com #155672"]
[Date "2009.05.23"]
[Round "1"]
[White "TECFMA0219"]
[Black "Peterdrost"]
[Result "0-1"]
[WhiteElo "1519"]
[BlackElo "2157"]
[PlyCount "128"]
[EventDate "2009.05.23"]
[EventType "swiss (blitz)"]

1. e4 {[%emt 0:00:02]} e5 {[%emt 0:00:01]} 2. d4 {[%emt 0:00:02]} exd4 {[%emt
0:00:01]} 3. Nf3 {[%emt 0:00:01]} Nc6 {[%emt 0:00:01]} 4. Bb5 {[%emt 0:00:02]}
d6 {[%emt 0:00:20]} 5. Nxd4 {[%emt 0:00:04]} Bd7 {[%emt 0:00:01]} 6. Nc3 {
[%emt 0:00:04]} Nf6 {[%emt 0:00:01]} 7. Be3 {[%emt 0:00:03]} Be7 {[%emt 0:00:
01]} 8. O-O {[%emt 0:00:01]} O-O {[%emt 0:00:02]} 9. f4 {[%emt 0:00:01]} Rb8 {
[%emt 0:00:26]} 10. Bxc6 {[%emt 0:00:02]} bxc6 {[%emt 0:00:01]} 11. b3 {[%emt
0:00:02]} Ng4 {[%emt 0:00:11]} 12. Qf3 {[%emt 0:00:06]} Nxe3 {[%emt 0:00:02]}
13. Qxe3 {[%emt 0:00:02]} Bf6 {[%emt 0:00:07]} 14. e5 {[%emt 0:00:01]} Re8 {
[%emt 0:00:11]} 15. Nf3 {[%emt 0:00:10]} Bg4 {[%emt 0:00:06]} 16. Ne4 {[%emt 0:
00:04]} Bxf3 {[%emt 0:00:04]} 17. Nxf6+ {[%emt 0:00:02]} Qxf6 {[%emt 0:00:09]}
18. Rxf3 {[%emt 0:00:15]} dxe5 {[%emt 0:00:01]} 19. fxe5 {[%emt 0:00:03]} Qxe5
{[%emt 0:00:01]} 20. Qxe5 {[%emt 0:00:05]} Rxe5 {[%emt 0:00:00]} 21. Raf1 {
[%emt 0:00:02]} f6 {[%emt 0:00:02]} 22. Rc3 {[%emt 0:00:01]} c5 {[%emt 0:00:02]
} 23. Rf4 {[%emt 0:00:04]} Rd8 {[%emt 0:00:11]} 24. Rfc4 {[%emt 0:00:02]} Rd2 {
[%emt 0:00:05]} 25. h3 {[%emt 0:00:07]} Rg5 {[%emt 0:00:13]} 26. g4 {[%emt 0:
00:15]} Rdd5 {[%emt 0:00:12]} 27. Ra4 {[%emt 0:00:02]} h5 {[%emt 0:00:01]} 28.
Rcc4 {[%emt 0:00:25]} hxg4 {[%emt 0:00:15]} 29. hxg4 {[%emt 0:00:02]} Rd4 {
[%emt 0:00:10]} 30. Rxd4 {[%emt 0:00:10]} cxd4 {[%emt 0:00:00]} 31. Rxd4 {
[%emt 0:00:03]} f5 {[%emt 0:00:03]} 32. Kf2 {[%emt 0:00:10]} Rxg4 {[%emt 0:00:
05]} 33. Rxg4 {[%emt 0:00:04]} fxg4 {[%emt 0:00:00]} 34. Kg3 {[%emt 0:00:00]}
Kf7 {[%emt 0:00:01]} 35. Kxg4 {[%emt 0:00:01]} Kf6 {[%emt 0:00:01]} 36. c4 {
[%emt 0:00:03]} Ke5 {[%emt 0:00:08]} 37. Kg5 {[%emt 0:00:03]} Kd4 {[%emt 0:00:
01]} 38. Kg6 {[%emt 0:00:00]} Kc3 {[%emt 0:00:01]} 39. Kxg7 {[%emt 0:00:01]}
Kb2 {[%emt 0:00:03]} 40. b4 {[%emt 0:00:23]} Kxa2 {[%emt 0:00:10]} 41. Kf6 {
[%emt 0:00:01]} Kb3 {[%emt 0:00:01]} 42. c5 {[%emt 0:00:10]} Kxb4 {[%emt 0:00:
02]} 43. c6 {[%emt 0:00:01]} Kb5 {[%emt 0:00:01]} 44. Ke6 {[%emt 0:00:00]} Kxc6
{[%emt 0:00:01]} 45. Ke5 {[%emt 0:00:01]} Kc5 {[%emt 0:00:00]} 46. Ke4 {[%emt
0:00:01]} Kc4 {[%emt 0:00:01]} 47. Ke5 {[%emt 0:00:01]} a5 {[%emt 0:00:03]} 48.
Ke4 {[%emt 0:00:00]} a4 {[%emt 0:00:01]} 49. Ke3 {[%emt 0:00:00]} Kc3 {[%emt 0:
00:01]} 50. Ke2 {[%emt 0:00:02]} a3 {[%emt 0:00:03]} 51. Ke3 {[%emt 0:00:00]}
a2 {[%emt 0:00:01]} 52. Ke2 {[%emt 0:00:01]} c5 {[%emt 0:00:02]} 53. Kd1 {
[%emt 0:00:00]} c4 {[%emt 0:00:01]} 54. Kc1 {[%emt 0:00:00]} Kb3 {[%emt 0:00:
01]} 55. Kd2 {[%emt 0:00:01]} Kb2 {[%emt 0:00:01]} 56. Kd1 {[%emt 0:00:00]} c3
{[%emt 0:00:03]} 57. Ke2 {[%emt 0:00:01]} c2 {[%emt 0:00:01]} 58. Ke1 {[%emt 0:
00:01]} c1=Q+ {[%emt 0:00:03]} 59. Ke2 {[%emt 0:00:01]} a1=Q {[%emt 0:00:02]}
60. Kf2 {[%emt 0:00:00]} Qc3 {[%emt 0:00:04]} 61. Kg2 {[%emt 0:00:04]} Qac1 {
[%emt 0:00:03]} 62. Kh2 {[%emt 0:00:02]} Q1d2+ {[%emt 0:00:01]} 63. Kg1 {[%emt
0:00:02]} Qg3+ {[%emt 0:00:03]} 64. Kf1 {[%emt 0:00:02]} Qge1# {[%emt 0:00:02]}
0-1

[Event "Villarobledo Online Qualifyer"]
[Site "playchess.com #155672"]
[Date "2009.05.23"]
[Round "1"]
[White "Novoselski"]
[Black "Mtudorache"]
[Result "1-0"]
[WhiteElo "2579"]
[BlackElo "1771"]
[PlyCount "81"]
[EventDate "2009.05.23"]
[EventType "swiss (blitz)"]

1. e4 {[%emt 0:00:02]} c5 {[%emt 0:00:02]} 2. Nf3 {[%emt 0:00:02]} Nc6 {[%emt
0:00:01]} 3. Bb5 {[%emt 0:00:01]} g6 {[%emt 0:00:03]} 4. c3 {[%emt 0:00:03]}
Nf6 {[%emt 0:00:09]} 5. Qa4 {[%emt 0:00:03]} a6 {[%emt 0:00:12]} 6. O-O {[%emt
0:00:03]} Bg7 {[%emt 0:00:03]} 7. d4 {[%emt 0:00:08]} cxd4 {[%emt 0:00:03]} 8.
cxd4 {[%emt 0:00:01]} Nxe4 {[%emt 0:00:15]} 9. d5 {[%emt 0:00:01]} Nc5 {[%emt
0:00:01]} 10. Qa3 {[%emt 0:00:03]} axb5 {[%emt 0:00:17]} 11. Qxc5 {[%emt 0:00:
06]} b6 {[%emt 0:00:09]} 12. Qe3 {[%emt 0:00:11]} Nb8 {[%emt 0:00:04]} 13. d6 {
[%emt 0:00:08]} Bb7 {[%emt 0:00:10]} 14. Nc3 {[%emt 0:00:07]} Bc6 {[%emt 0:00:
03]} 15. Nd4 {[%emt 0:00:04]} e6 {[%emt 0:00:05]} 16. Ncxb5 {[%emt 0:00:03]}
O-O {[%emt 0:00:04]} 17. Nc7 {[%emt 0:00:04]} Ra5 {[%emt 0:00:09]} 18. Rd1 {
[%emt 0:00:17]} e5 {[%emt 0:00:38]} 19. Nxc6 {[%emt 0:00:12]} Nxc6 {[%emt 0:00:
04]} 20. Bd2 {[%emt 0:00:01]} Rc5 {[%emt 0:00:15]} 21. b4 {[%emt 0:00:12]} Rc4
{[%emt 0:00:04]} 22. Nd5 {[%emt 0:00:10]} b5 {[%emt 0:00:07]} 23. Bc3 {[%emt 0:
00:10]} Re8 {[%emt 0:00:14]} 24. Rac1 {[%emt 0:00:12]} f5 {[%emt 0:00:02]} 25.
Qe2 {[%emt 0:00:10]} Re6 {[%emt 0:00:09]} 26. Nc7 {[%emt 0:00:04]} Rxd6 {[%emt
0:00:17]} 27. Rxd6 {[%emt 0:00:02]} Qxc7 {[%emt 0:00:00]} 28. Rdd1 {[%emt 0:00:
05]} Ne7 {[%emt 0:00:05]} 29. Bd2 {[%emt 0:00:05]} d5 {[%emt 0:00:02]} 30. g3 {
[%emt 0:00:06]} d4 {[%emt 0:00:03]} 31. a4 {[%emt 0:00:06]} e4 {[%emt 0:00:07]}
32. Bf4 {[%emt 0:00:09] .} d3 {[%emt 0:00:01]} 33. Qe1 {[%emt 0:00:06]} Qc6 {
[%emt 0:00:01]} 34. axb5 {[%emt 0:00:02]} Qxb5 {[%emt 0:00:01]} 35. Rxc4 {
[%emt 0:00:03]} Qxc4 {[%emt 0:00:01]} 36. Rc1 {[%emt 0:00:02]} Qd5 {[%emt 0:00:
01]} 37. Rc5 {[%emt 0:00:10]} Qd7 {[%emt 0:00:02]} 38. Be3 {[%emt 0:00:07]} Nd5
{[%emt 0:00:01]} 39. Bd2 {[%emt 0:00:06]} Qd6 {[%emt 0:00:02]} 40. Qc1 {[%emt
0:00:03]} Bf8 {[%emt 0:00:03]} 41. Qc4 {[%emt 0:00:05] Mtudorache abbandona}
1-0

[Event "Villarobledo Online Qualifyer"]
[Site "playchess.com #155672"]
[Date "2009.05.23"]
[Round "1"]
[White "Chofis"]
[Black "Shatterhand"]
[Result "0-1"]
[WhiteElo "1677"]
[BlackElo "2413"]
[PlyCount "98"]
[EventDate "2009.05.23"]
[EventType "swiss (blitz)"]

1. e4 {[%emt 0:00:02]} c5 {[%emt 0:00:01]} 2. Nf3 {[%emt 0:00:02]} Nc6 {[%emt
0:00:01]} 3. Bb5 {[%emt 0:00:03]} e6 {[%emt 0:00:01]} 4. O-O {[%emt 0:00:02]}
Nge7 {[%emt 0:00:04]} 5. Re1 {[%emt 0:00:00]} a6 {[%emt 0:00:01]} 6. Bf1 {
[%emt 0:00:03]} b5 {[%emt 0:00:02]} 7. c3 {[%emt 0:00:01]} Bb7 {[%emt 0:00:01]}
8. d4 {[%emt 0:00:02]} cxd4 {[%emt 0:00:01]} 9. cxd4 {[%emt 0:00:01]} d5 {
[%emt 0:00:01]} 10. e5 {[%emt 0:00:11]} Qb6 {[%emt 0:00:03]} 11. Nc3 {[%emt 0:
00:03]} Ng6 {[%emt 0:00:02]} 12. Be3 {[%emt 0:00:01]} Be7 {[%emt 0:00:02]} 13.
g3 {[%emt 0:00:02]} O-O {[%emt 0:00:06]} 14. h4 {[%emt 0:00:04]} Rfc8 {[%emt 0:
00:02]} 15. h5 {[%emt 0:00:03]} Nf8 {[%emt 0:00:03]} 16. a3 {[%emt 0:00:01]}
Na5 {[%emt 0:00:13]} 17. Bd3 {[%emt 0:00:08]} Nc4 {[%emt 0:00:03]} 18. Bc1 {
[%emt 0:00:07]} b4 {[%emt 0:00:01]} 19. Na4 {[%emt 0:00:08]} Qd8 {[%emt 0:00:
20]} 20. Qb3 {[%emt 0:00:25]} a5 {[%emt 0:00:05]} 21. Nd2 {[%emt 0:00:10]} Ba6
{[%emt 0:00:07]} 22. Nc5 {[%emt 0:00:04]} Nxd2 {[%emt 0:00:14]} 23. Bxd2 {
[%emt 0:00:03]} Bxd3 {[%emt 0:00:02]} 24. Nxd3 {[%emt 0:00:02]} Rab8 {[%emt 0:
00:06]} 25. axb4 {[%emt 0:00:05]} axb4 {[%emt 0:00:01]} 26. Ra4 {[%emt 0:00:03]
} Rc4 {[%emt 0:00:03]} 27. Be3 {[%emt 0:00:04]} Nd7 {[%emt 0:00:09]} 28. Rea1 {
[%emt 0:00:07]} Nb6 {[%emt 0:00:02]} 29. Ra7 {[%emt 0:00:01]} Rc7 {[%emt 0:00:
02]} 30. Rxc7 {[%emt 0:00:09]} Qxc7 {[%emt 0:00:00]} 31. Rc1 {[%emt 0:00:03]}
Nc4 {[%emt 0:00:03]} 32. Ra1 {[%emt 0:00:07]} h6 {[%emt 0:00:03]} 33. Kg2 {
[%emt 0:00:02]} Nxe3+ {[%emt 0:00:05]} 34. fxe3 {[%emt 0:00:02]} Qc4 {[%emt 0:
00:00]} 35. Qd1 {[%emt 0:00:22]} Bg5 {[%emt 0:00:28]} 36. Kf3 {[%emt 0:00:03]}
b3 {[%emt 0:00:23]} 37. Rc1 {[%emt 0:00:04]} Qb5 {[%emt 0:00:01]} 38. Nc5 {
[%emt 0:00:07]} Be7 {[%emt 0:00:06]} 39. Rc3 {[%emt 0:00:04]} Bxc5 {[%emt 0:00:
09]} 40. Rxc5 {[%emt 0:00:02]} Qa6 {[%emt 0:00:06]} 41. Qe2 {[%emt 0:00:06]}
Qa1 {[%emt 0:00:05]} 42. e4 {[%emt 0:00:10]} Qh1+ {[%emt 0:00:19]} 43. Ke3 {
[%emt 0:00:04]} Qxe4+ {[%emt 0:00:03]} 44. Kf2 {[%emt 0:00:01]} Qxd4+ {[%emt 0:
00:01]} 45. Qe3 {[%emt 0:00:01]} Qxb2+ {[%emt 0:00:01]} 46. Kf3 {[%emt 0:00:01]
} Qb1 {[%emt 0:00:09]} 47. g4 {[%emt 0:00:07]} Qe4+ {[%emt 0:00:02]} 48. Qxe4 {
[%emt 0:00:02]} dxe4+ {[%emt 0:00:00]} 49. Kxe4 {[%emt 0:00:01]} b2 {[%emt 0:
00:00] Tiempo} 0-1

[Event "Villarobledo Online Qualifyer"]
[Site "playchess.com #155672"]
[Date "2009.05.23"]
[Round "1"]
[White "Ozmarabagi"]
[Black "Necromant"]
[Result "0-1"]
[WhiteElo "1756"]
[BlackElo "2573"]
[PlyCount "92"]
[EventDate "2009.05.23"]
[EventType "swiss (blitz)"]

1. c4 {[%emt 0:00:07]} g6 {[%emt 0:00:27]} 2. Nc3 {[%emt 0:00:06]} c5 {[%emt 0:
00:09]} 3. g3 {[%emt 0:00:05]} Bg7 {[%emt 0:00:01]} 4. Nf3 {[%emt 0:00:05]} b6
{[%emt 0:00:01]} 5. d4 {[%emt 0:00:08]} cxd4 {[%emt 0:00:02]} 6. Nxd4 {[%emt 0:
00:06]} Bb7 {[%emt 0:00:01]} 7. e4 {[%emt 0:00:05]} Nf6 {[%emt 0:00:12]} 8. Bg2
{[%emt 0:00:09]} d6 {[%emt 0:00:03]} 9. Bg5 {[%emt 0:00:06]} Nbd7 {[%emt 0:00:
06]} 10. Qe2 {[%emt 0:00:06]} O-O {[%emt 0:00:04]} 11. O-O-O {[%emt 0:00:09]}
Rc8 {[%emt 0:00:08]} 12. Kb1 {[%emt 0:00:05]} a6 {[%emt 0:00:03]} 13. Nd5 {
[%emt 0:00:08]} e6 {[%emt 0:00:25]} 14. Nxf6+ {[%emt 0:00:07]} Nxf6 {[%emt 0:
00:01]} 15. Rc1 {[%emt 0:00:08]} Qc7 {[%emt 0:00:02]} 16. Rhd1 {[%emt 0:00:09]}
Rfe8 {[%emt 0:00:03]} 17. f3 {[%emt 0:00:07]} Nd7 {[%emt 0:00:16]} 18. Rc2 {
[%emt 0:00:13]} Ne5 {[%emt 0:00:05]} 19. Rdc1 {[%emt 0:00:10]} Nd7 {[%emt 0:00:
09]} 20. Be3 {[%emt 0:00:06]} Nc5 {[%emt 0:00:02]} 21. Qd2 {[%emt 0:00:05]}
Rcd8 {[%emt 0:00:09]} 22. Bg5 {[%emt 0:00:05]} Rd7 {[%emt 0:00:02]} 23. h4 {
[%emt 0:00:05]} h5 {[%emt 0:00:04]} 24. Rd1 {[%emt 0:00:08]} Qb8 {[%emt 0:00:
07]} 25. Rcc1 {[%emt 0:00:06]} d5 {[%emt 0:00:02]} 26. cxd5 {[%emt 0:00:06]}
exd5 {[%emt 0:00:01]} 27. Bh3 {[%emt 0:00:06]} Rc7 {[%emt 0:00:09]} 28. exd5 {
[%emt 0:00:06]} Bxd5 {[%emt 0:00:02]} 29. Bf4 {[%emt 0:00:05]} Be5 {[%emt 0:00:
05]} 30. Bxe5 {[%emt 0:00:04]} Rxe5 {[%emt 0:00:01]} 31. Qf4 {[%emt 0:00:04]}
Qe8 {[%emt 0:00:17]} 32. Qf6 {[%emt 0:00:04]} Nd7 {[%emt 0:00:27]} 33. Bxd7 {
[%emt 0:00:06]} Rxd7 {[%emt 0:00:01]} 34. Qxb6 {[%emt 0:00:04]} Re3 {[%emt 0:
00:03]} 35. Qf6 {[%emt 0:00:05]} Rb7 {[%emt 0:00:05]} 36. Nf5 {[%emt 0:00:17] .
} Bxa2+ {[%emt 0:00:05]} 37. Kxa2 {[%emt 0:00:02]} Qa4+ {[%emt 0:00:01]} 38.
Kb1 {[%emt 0:00:02]} Rxb2+ {[%emt 0:00:03]} 39. Kxb2 {[%emt 0:00:01]} Rb3+ {
[%emt 0:00:01]} 40. Kc2 {[%emt 0:00:01]} Rb6+ {[%emt 0:00:02]} 41. Kd2 {[%emt
0:00:01]} Rxf6 {[%emt 0:00:01]} 42. Rc8+ {[%emt 0:00:01]} Kh7 {[%emt 0:00:01]}
43. Ne7 {[%emt 0:00:01]} Rd6+ {[%emt 0:00:01]} 44. Ke2 {[%emt 0:00:01]} Qxd1+ {
[%emt 0:00:01]} 45. Ke3 {[%emt 0:00:01]} Qd2+ {[%emt 0:00:01]} 46. Ke4 {[%emt
0:00:01]} Qd4# {[%emt 0:00:01]} 0-1

[Event "Villarobledo Online Qualifyer"]
[Site "playchess.com #155672"]
[Date "2009.05.23"]
[Round "1"]
[White "Sombroff"]
[Black "Q2w3e"]
[Result "1-0"]
[WhiteElo "2182"]
[BlackElo "1553"]
[PlyCount "87"]
[EventDate "2009.05.23"]
[EventType "swiss (blitz)"]

1. d4 {[%emt 0:00:37]} c6 {[%emt 0:00:05]} 2. c4 {[%emt 0:00:02]} d5 {[%emt 0:
00:01]} 3. Nf3 {[%emt 0:00:02]} Nf6 {[%emt 0:00:03]} 4. Nc3 {[%emt 0:00:02]} e6
{[%emt 0:00:01]} 5. e3 {[%emt 0:00:04]} Be7 {[%emt 0:00:04]} 6. Bd3 {[%emt 0:
00:04]} dxc4 {[%emt 0:00:02]} 7. Bxc4 {[%emt 0:00:01]} b5 {[%emt 0:00:02]} 8.
Bd3 {[%emt 0:00:01]} a6 {[%emt 0:00:05]} 9. O-O {[%emt 0:00:10]} O-O {[%emt 0:
00:01]} 10. e4 {[%emt 0:00:04]} Bb7 {[%emt 0:00:13]} 11. Qe2 {[%emt 0:00:01]}
c5 {[%emt 0:00:06]} 12. dxc5 {[%emt 0:00:14]} Bxc5 {[%emt 0:00:00]} 13. a3 {
[%emt 0:00:00]} Nbd7 {[%emt 0:00:33]} 14. b4 {[%emt 0:00:02]} Be7 {[%emt 0:00:
05]} 15. Bb2 {[%emt 0:00:01]} Rc8 {[%emt 0:00:12]} 16. Rfd1 {[%emt 0:00:02]}
Qb6 {[%emt 0:00:06]} 17. Rac1 {[%emt 0:00:09]} Rfd8 {[%emt 0:00:03]} 18. Bb1 {
[%emt 0:00:02]} a5 {[%emt 0:00:21]} 19. bxa5 {[%emt 0:00:26]} Qxa5 {[%emt 0:00:
00]} 20. Qxb5 {[%emt 0:00:01]} Qxb5 {[%emt 0:00:10]} 21. Nxb5 {[%emt 0:00:02]}
Rxc1 {[%emt 0:00:21]} 22. Bxc1 {[%emt 0:00:17]} Bxe4 {[%emt 0:00:16]} 23. Bxe4
{[%emt 0:00:08]} Nxe4 {[%emt 0:00:00]} 24. Re1 {[%emt 0:00:31]} Nef6 {[%emt 0:
00:09]} 25. Nfd4 {[%emt 0:00:07]} Rc8 {[%emt 0:00:25]} 26. Bd2 {[%emt 0:00:22]}
Ra8 {[%emt 0:00:12]} 27. Ra1 {[%emt 0:00:13]} Ra4 {[%emt 0:00:02]} 28. Nc2 {
[%emt 0:00:03]} h6 {[%emt 0:00:02]} 29. Nc3 {[%emt 0:00:02]} Rc4 {[%emt 0:00:
02]} 30. a4 {[%emt 0:00:01]} Bc5 {[%emt 0:00:06]} 31. a5 {[%emt 0:00:02]} Ba7 {
[%emt 0:00:02]} 32. a6 {[%emt 0:00:01]} Rc6 {[%emt 0:00:04]} 33. Nb4 {[%emt 0:
00:02]} Rb6 {[%emt 0:00:03]} 34. Na4 {[%emt 0:00:01]} Rd6 {[%emt 0:00:03]} 35.
Be1 {[%emt 0:00:01]} Rd4 {[%emt 0:00:03]} 36. Nb2 {[%emt 0:00:03]} Nc5 {[%emt
0:00:02]} 37. Rc1 {[%emt 0:00:02]} Nb3 {[%emt 0:00:03]} 38. Rc8+ {[%emt 0:00:
02]} Kh7 {[%emt 0:00:02]} 39. Rc7 {[%emt 0:00:01]} Bb6 {[%emt 0:00:02]} 40. a7
{[%emt 0:00:03]} Bxa7 {[%emt 0:00:03]} 41. Rxa7 {[%emt 0:00:01]} Nc5 {[%emt 0:
00:02]} 42. Rxf7 {[%emt 0:00:01]} Kg6 {[%emt 0:00:01]} 43. Ra7 {[%emt 0:00:02]}
Nce4 {[%emt 0:00:03]} 44. Kf1 {[%emt 0:00:01] Zeit} 1-0